| 000 | 00595nam a2200229Ia 4500 | ||
|---|---|---|---|
| 003 | OSt | ||
| 005 | 20230411145805.0 | ||
| 008 | 210423s2009 xx 000 0 und d | ||
| 020 | _a9788174467256 | ||
| 040 | _cAL | ||
| 041 | _aeng | ||
| 082 | _a332 JAGA | ||
| 100 |
_aJAGADEESHA;DEENE (Shivakumar) _986261 |
||
| 245 | _aContemporary issues in finance | ||
| 260 |
_aNew Delhi _bExcel Books _c2009 |
||
| 300 |
_axiv,395 _bPB |
||
| 365 |
_b500 _cINR |
||
| 650 |
_aEconomics _986262 |
||
| 650 |
_aFinancial Economics _986263 |
||
| 906 | _aContemporary ; finance ; issues | ||
| 942 |
_2ddc _cBK |
||
| 999 |
_c158483 _d158483 |
||